[Event "zonal 1.7b"]
[Site "Mykolaiv UKR"]
[Date "1993.??.??"]
[Round "?"]
[White "Guliev, Sarhan"]
[Black "Ryskin, Alexander"]
[Result "1-0"]
[WhiteElo "2485"]
[BlackElo "2505"]
[EventDate "1993.03.??"]
[PlyCount "127"]

1.d4 Nf6 2.c4 g6 3.Nc3 Bg7 4.Nf3 O-O 5.g3 d6 6.Bg2 Nbd7 7.O-O e5 8.e4 exd4
9.Nxd4 Re8 10.h3 a6 11.Re1 Rb8 12.Rb1 c5 13.Nf3 b5 14.Qxd6 b4 15.Nd5 Nxd5 
16.Qxd5 Bb7 17.Qd3 Nf6 18.Qxd8 Rbxd8 19.e5 Bxf3 20.Bxf3 Nd7 21.Bc6 Nxe5 
22.Bxe8 Nf3+ 23.Kf1 Nxe1 24.Bxf7+ Kxf7 25.Kxe1 Bd4 26.Ke2 a5 27.Be3 Re8 
28.Kd3 a4 29.Bxd4 Rd8 30.b3 Rxd4+ 31.Kc2 Re4 32.Kd3 Rd4+ 33.Ke3 Rd7 34.Rb2
Rd1 35.Rd2 Re1+ 36.Kf4 a3 37.f3 Re7 38.Rd5 Re2 39.Rxc5 Rxa2 40.Rb5 Rb2 41.
Rxb4 a2 42.Ra4 Ke6 43.Ra6+ Kf7 44.h4 h6 45.g4 Ke7 46.h5 g5+ 47.Ke4 Kf7 48.
f4 gxf4 49.Kxf4 Rf2+ 50.Ke5 Re2+ 51.Kd4 Ke7 52.b4 Kd7 53.b5 Kc7 54.Kc5 Rb2
55.Kd4 Rg2 56.Kc3 Kb7 57.Kb3 Rxg4 58.Rxa2 Rh4 59.Re2 Rxh5 60.Re7+ Kc8 61.
Rh7 Rh1 62.Kb4 h5 63.Kc5 h4 64.Kc6 1-0

[Event "zonal 1.7b"]
[Site "Mykolaiv UKR"]
[Date "1993.??.??"]
[Round "?"]
[White "Guliev, Sarhan"]
[Black "Savchenko, Stanislav"]
[Result "0-1"]
[WhiteElo "2485"]
[BlackElo "2535"]
[EventDate "1993.03.??"]
[PlyCount "58"]

1.d4 d5 2.c4 c6 3.Nc3 Nf6 4.Bg5 e6 5.Nf3 dxc4 6.e4 b5 7.a4 Bb7 8.e5 h6 9.
Bd2 Nd5 10.Ne4 a6 11.b3 cxb3 12.Qxb3 Nd7 13.Bd3 Be7 14.O-O O-O 15.Rfe1 Qb6
16.Bb1 Rfc8 17.Qc2 c5 18.dxc5 Nxc5 19.a5 Qd8 20.Nxc5 Bxc5 21.Qh7+ Kf8 22.
Qh8+ Ke7 23.Qxg7 Qh8 24.Qg4 Rg8 25.Qh4+ Kd7 26.Bxh6 Be7 27.Qh5 Rxg2+ 28.
Kf1 Rag8 29.Be4 R2g6 0-1

[Event "zonal 1.7b"]
[Site "Mykolaiv UKR"]
[Date "1993.??.??"]
[Round "?"]
[White "Guliev, Sarhan"]
[Black "Tukmakov, Volodymyr"]
[Result "0-1"]
[WhiteElo "2485"]
[BlackElo "2605"]
[EventDate "1993.03.??"]
[PlyCount "72"]

1.d4 Nf6 2.c4 e6 3.Nc3 Bb4 4.Qc2 O-O 5.a3 Bxc3+ 6.Qxc3 b6 7.Nf3 c5 8.dxc5 
bxc5 9.b4 Ne4 10.Qc2 f5 11.e3 Nc6 12.b5 Ne7 13.Be2 Bb7 14.O-O Ng6 15.Ne1 
Qh4 16.f3 Ng5 17.Nd3 d6 18.Nf4 e5 19.Nd5 Bxd5 20.cxd5 f4 21.Bd3 e4 22.Bxe4
Nxe4 23.fxe4 fxe3 24.Bxe3 Rxf1+ 25.Rxf1 Re8 26.Bf2 Qxe4 27.Qxe4 Rxe4 28.
Re1 Rxe1+ 29.Bxe1 Kf7 30.Bg3 Ke7 31.Kf2 Ne5 32.Bxe5 dxe5 33.Ke3 Kd6 34.Ke4
c4 35.a4 c3 36.Kd3 Kxd5 0-1

[Event "zonal 1.7b"]
[Site "Mykolaiv UKR"]
[Date "1993.??.??"]
[Round "?"]
[White "Komliakov, Viktor"]
[Black "Frolov, Artur"]
[Result "1/2-1/2"]
[WhiteElo "2435"]
[BlackElo "2530"]
[EventDate "1993.03.??"]
[PlyCount "65"]

1.e4 e5 2.Nf3 Nc6 3.Bc4 Bc5 4.c3 Nf6 5.d3 d6 6.Bb3 Bb6 7.Nbd2 Ne7 8.Nc4 
Ng6 9.h3 O-O 10.O-O c6 11.Nxb6 axb6 12.Re1 Re8 13.d4 d5 14.Bg5 exd4 15.
Qxd4 dxe4 16.Rxe4 Qxd4 17.Rxe8+ Nxe8 18.Nxd4 c5 19.Nf3 Be6 20.Bxe6 fxe6 
21.Rd1 Rxa2 22.Rd8 Kf8 23.b4 Rc2 24.Rd7 cxb4 25.Nd4 Rxc3 26.Rxb7 e5 27.
Ne6+ Kg8 28.Rxb6 b3 29.Be3 Nc7 30.Nc5 Nd5 31.Rb8+ Kf7 32.Rb7+ Nge7 33.Rxb3
1/2-1/2

[Event "zonal 1.7b"]
[Site "Mykolaiv UKR"]
[Date "1993.??.??"]
[Round "?"]
[White "Komliakov, Viktor"]
[Black "Gadjily, Raouf"]
[Result "1-0"]
[WhiteElo "2435"]
[BlackElo "2365"]
[EventDate "1993.03.??"]
[PlyCount "51"]

1.e4 c5 2.Nf3 d6 3.d4 cxd4 4.Nxd4 Nf6 5.Nc3 a6 6.f4 e6 7.Be2 Be7 8.O-O Qc7
9.Kh1 O-O 10.Qe1 Nc6 11.Be3 e5 12.fxe5 dxe5 13.Qg3 Kh8 14.Nf5 Bxf5 15.Rxf5
Ng8 16.Raf1 f6 17.Nd5 Qd6 18.Rh5 Nd4 19.Qh3 h6 20.Bxh6 gxh6 21.Rxh6+ Nxh6 
22.Qxh6+ Kg8 23.Bc4 Ne6 24.Qg6+ Kh8 25.Rf3 Ng5 26.Rh3+ 1-0

[Event "zonal 1.7b"]
[Site "Mykolaiv UKR"]
[Date "1993.??.??"]
[Round "?"]
[White "Komliakov, Viktor"]
[Black "Ginsburg, Gennadi"]
[Result "1-0"]
[WhiteElo "2435"]
[BlackElo "2395"]
[EventDate "1993.03.??"]
[PlyCount "51"]

1.e4 e5 2.Nf3 Nc6 3.Bc4 Bc5 4.c3 Nf6 5.d3 d6 6.Bb3 a6 7.Nbd2 b5 8.Nf1 d5 
9.Bg5 dxe4 10.dxe4 Be6 11.Ng3 h6 12.Bxf6 Qxf6 13.Bd5 Bd7 14.Nh5 Qg6 15.Nh4
Qg5 16.Bxf7+ Kd8 17.g3 Rf8 18.f4 exf4 19.Nxf4 Kc8 20.Qd5 Bd6 21.Nhg6 Kb7 
22.Nxf8 Rxf8 23.O-O Bc5+ 24.Kg2 Qe7 25.Ng6 Qd8 26.Qxc5 1-0

[Event "zonal 1.7b"]
[Site "Mykolaiv UKR"]
[Date "1993.??.??"]
[Round "?"]
[White "Komliakov, Viktor"]
[Black "Kuzmin, Gennady"]
[Result "0-1"]
[WhiteElo "2435"]
[BlackElo "2525"]
[EventDate "1993.03.??"]
[PlyCount "92"]

1.e4 e5 2.Nf3 Nc6 3.Bc4 Nf6 4.d3 Be7 5.O-O O-O 6.Re1 d6 7.a3 Kh8 8.c3 Ng8 
9.d4 f5 10.dxe5 fxe4 11.Rxe4 Bf5 12.Re1 Bg4 13.Be2 Qe8 14.h3 Bxf3 15.Bxf3 
Nxe5 16.Bxb7 Rb8 17.Be4 Nf6 18.f4 Nxe4 19.Rxe4 Ng6 20.g3 Qc6 21.Nd2 d5 22.
Re2 d4 23.cxd4 Qd7 24.Nf1 Bf6 25.Be3 Ne7 26.Kh2 Nf5 27.Rd2 Rfd8 28.Rc1 Rb5
29.Bf2 Nd6 30.Qf3 Rdb8 31.b4 a5 32.Rc5 axb4 33.Rxb5 Qxb5 34.axb4 Qxf1 35.
Rd1 Qc4 36.g4 Rf8 37.Kg2 h6 38.f5 Re8 39.h4 Qc2 40.g5 hxg5 41.hxg5 Bxg5 
42.Rd3 Qe2 43.d5 Bh4 44.Ra3 Qxf3+ 45.Kxf3 Bxf2 46.Kxf2 Re5 0-1

[Event "zonal 1.7b"]
[Site "Mykolaiv UKR"]
[Date "1993.??.??"]
[Round "?"]
[White "Komliakov, Viktor"]
[Black "Rogozenco, Dorian"]
[Result "0-1"]
[WhiteElo "2435"]
[BlackElo "2480"]
[EventDate "1993.03.??"]
[PlyCount "80"]

1.e4 c6 2.Nc3 d5 3.Nf3 Bg4 4.h3 Bh5 5.exd5 cxd5 6.g4 Bg6 7.Ne5 Nc6 8.d4 a6
9.h4 Nb4 10.a3 Nxc2+ 11.Kd2 Rc8 12.Nxg6 Nxa1 13.Nxh8 Qb6 14.Qa4+ Rc6 15.
Kd1 Nf6 16.Bb5 axb5 17.Qa8+ Kd7 18.Nxf7 Rc8 19.Ne5+ Kc7 20.Bf4 Rxa8 21.
Nc4+ Qd6 22.Bxd6+ exd6 23.Ne3 Nb3 24.g5 Nh5 25.Nexd5+ Kd8 26.Nxb5 Rc8 27.
Rh3 Rc1+ 28.Ke2 Rc2+ 29.Kd3 Rxf2 30.Kc3 Na5 31.Ndc7 Nc6 32.Re3 Be7 33.Ne6+
Kd7 34.Nbc7 Nd8 35.d5 Nxe6 36.Nxe6 Nf4 37.Kc4 Nxe6 38.dxe6+ Kc6 39.h5 d5+ 
40.Kb3 Kd6 0-1

[Event "zonal 1.7b"]
[Site "Mykolaiv UKR"]
[Date "1993.??.??"]
[Round "?"]
[White "Kruppa, Yury"]
[Black "Brodsky, Mikhail"]
[Result "1-0"]
[WhiteElo "2475"]
[BlackElo "2520"]
[EventDate "1993.03.??"]
[PlyCount "77"]

1.g3 c5 2.Bg2 Nc6 3.c4 g6 4.Nc3 Bg7 5.a3 b6 6.e3 Bb7 7.Nge2 Qc8 8.d3 Nf6 
9.O-O O-O 10.Rb1 e6 11.e4 Ne7 12.f4 Ne8 13.g4 d5 14.cxd5 exd5 15.f5 d4 16.
Na2 Kh8 17.Bg5 Ng8 18.Qd2 Nef6 19.Bxf6 Bxf6 20.g5 Be5 21.f6 a5 22.Rf3 Qe6 
23.Nac1 Qd6 24.Qe1 Nxf6 25.gxf6 Bxf6 26.Nb3 Bg5 27.Nd2 f5 28.Nc4 Qd8 29.
Qg3 Bh4 30.Qh3 b5 31.Nd6 Qxd6 32.Qxh4 fxe4 33.Rxf8+ Qxf8 34.Ng3 c4 35.Bxe4
Bxe4 36.Qxe4 Rd8 37.Qe5+ Qg7 38.Qxb5 c3 39.Re1 1-0

[Event "zonal 1.7b"]
[Site "Mykolaiv UKR"]
[Date "1993.??.??"]
[Round "?"]
[White "Kruppa, Yury"]
[Black "Neverov, Valeriy"]
[Result "1/2-1/2"]
[WhiteElo "2475"]
[BlackElo "2550"]
[EventDate "1993.03.??"]
[PlyCount "38"]

1.e4 c5 2.Nf3 Nc6 3.d4 cxd4 4.Nxd4 e5 5.Nb5 d6 6.N1c3 a6 7.Na3 b5 8.Nd5 
Nge7 9.c4 Nd4 10.cxb5 Nxd5 11.exd5 Qh4 12.Be3 Nf5 13.Nc2 Be7 14.Be2 Nxe3 
15.Nxe3 O-O 16.O-O f5 17.Nc4 axb5 18.Nxe5 dxe5 19.d6 Rb8 1/2-1/2

[Event "zonal 1.7b"]
[Site "Mykolaiv UKR"]
[Date "1993.??.??"]
[Round "?"]
[White "Kruppa, Yury"]
[Black "Tukmakov, Volodymyr"]
[Result "1/2-1/2"]
[WhiteElo "2475"]
[BlackElo "2605"]
[EventDate "1993.03.??"]
[PlyCount "23"]

1.Nf3 d5 2.d4 Nf6 3.c4 c6 4.e3 Bf5 5.Nc3 e6 6.Bd3 Bxd3 7.Qxd3 Be7 8.O-O 
O-O 9.b3 Nbd7 10.Bb2 Qa5 11.e4 dxe4 12.Nxe4 1/2-1/2

[Event "zonal 1.7b"]
[Site "Mykolaiv UKR"]
[Date "1993.??.??"]
[Round "?"]
[White "Kuzmin, Gennady"]
[Black "Borovikov, Vladislav"]
[Result "1-0"]
[WhiteElo "2525"]
[BlackElo "2385"]
[EventDate "1993.03.??"]
[PlyCount "91"]

1.e4 e6 2.d4 d5 3.Nc3 Bb4 4.a3 Bxc3+ 5.bxc3 dxe4 6.Qg4 Nf6 7.Qxg7 Rg8 8.
Qh6 b6 9.Bg5 Nbd7 10.Bb5 Rg6 11.Qh4 c6 12.Bxf6 Qc7 13.Bd8 Qxd8 14.Qxd8+ 
Kxd8 15.Bxc6 Rb8 16.Bxe4 Rg7 17.Ne2 Nf6 18.Bf3 Ba6 19.a4 Rc8 20.Ra3 e5 21.
dxe5 Nd7 22.Nf4 Nxe5 23.Be2 Bb7 24.f3 Nc4 25.Ra1 Ne3 26.Kf2 Rxc3 27.Bd3 
Nd5 28.Nxd5 Bxd5 29.Rhd1 Kc7 30.Re1 f6 31.a5 b5 32.Bxb5 Rxc2+ 33.Re2 Rc5 
34.Bd3 Rd7 35.Ra3 Bc6 36.Re6 Rf7 37.g4 Bd7 38.Ra6 Rc6 39.Rxa7+ Kb8 40.Ra6 
Rxa6 41.Bxa6 h5 42.Bc4 Rh7 43.Bd3 Rh8 44.a6 Ka7 45.Rc3 Bc8 46.gxh5 1-0

[Event "zonal 1.7b"]
[Site "Mykolaiv UKR"]
[Date "1993.??.??"]
[Round "?"]
[White "Kuzmin, Gennady"]
[Black "Golubev, Mikhail"]
[Result "1-0"]
[WhiteElo "2525"]
[BlackElo "2495"]
[EventDate "1993.03.??"]
[PlyCount "63"]

1.e4 c5 2.Nf3 d6 3.d4 cxd4 4.Nxd4 Nf6 5.Nc3 g6 6.Bc4 Bg7 7.O-O O-O 8.Bb3 
Nc6 9.h3 Nxd4 10.Qxd4 b5 11.e5 dxe5 12.Qxd8 Rxd8 13.Nxb5 a6 14.Nc3 e6 15.
Be3 Nd5 16.Rad1 Bb7 17.Bg5 f6 18.Bd2 a5 19.a4 Bf8 20.Nb5 Bc5 21.c4 Nf4 22.
Bxf4 exf4 23.Nc7 Rxd1 24.Rxd1 Rc8 25.Nxe6 Ba6 26.Rd5 Bb4 27.c5 Kh8 28.c6 
g5 29.c7 h5 30.Rd8+ Kh7 31.Bc2+ Kh6 32.Rd7 1-0

[Event "zonal 1.7b"]
[Site "Mykolaiv UKR"]
[Date "1993.??.??"]
[Round "?"]
[White "Kuzmin, Gennady"]
[Black "Kruppa, Yury"]
[Result "1-0"]
[WhiteElo "2525"]
[BlackElo "2475"]
[EventDate "1993.03.??"]
[PlyCount "113"]

1.e4 c6 2.c4 d5 3.exd5 cxd5 4.cxd5 Nf6 5.Qa4+ Nbd7 6.Nc3 g6 7.Nf3 Bg7 8.
Qb3 a6 9.a4 Nb6 10.a5 Nbxd5 11.Bc4 e6 12.O-O O-O 13.d3 h6 14.Bd2 Qd7 15.
Rfe1 Rd8 16.Rac1 Qd6 17.Ne4 Qf8 18.h3 Kh7 19.Ng3 Bd7 20.Ne4 Be8 21.Nxf6+ 
Bxf6 22.Bxd5 Rxd5 23.Qxb7 Bd7 24.Bf4 Qd8 25.Be5 Be7 26.Bc7 Qe8 27.Ne5 Bg5 
28.Rc4 Bb5 29.Bb6 Kg8 30.Nf3 Rxd3 31.Rc7 Rb8 32.Qe4 Bd8 33.Ne5 Bxc7 34.
Bxc7 Rc8 35.Bb6 f5 36.Qh4 Rd6 37.Qxh6 Qf8 38.Qg5 Be8 39.b4 Qg7 40.Nf3 Bd7 
41.Bc7 Rd5 42.Be5 Qh7 43.Kh2 Qf7 44.Re3 Rc4 45.Rc3 Rxc3 46.Bxc3 Be8 47.Be5
Kf8 48.Qh6+ Ke7 49.Qh4+ g5 50.Qxg5+ Kd7 51.Qc1 Kd8 52.Ng5 Qe7 53.Nxe6+ Kd7
54.Nc5+ Rxc5 55.Qxc5 Qxc5 56.bxc5 Kc6 57.Kg3 1-0

[Event "zonal 1.7b"]
[Site "Mykolaiv UKR"]
[Date "1993.??.??"]
[Round "?"]
[White "Kuzmin, Gennady"]
[Black "Rakhmangulov, Andrei"]
[Result "1/2-1/2"]
[WhiteElo "2525"]
[BlackElo "2325"]
[EventDate "1993.03.??"]
[PlyCount "62"]

1.e4 d6 2.d4 Nf6 3.Nc3 g6 4.Nf3 Bg7 5.Be2 O-O 6.O-O Bg4 7.Bg5 h6 8.Be3 Nc6
9.d5 Nb8 10.a4 a5 11.Nd4 Bxe2 12.Qxe2 c6 13.Rfd1 Qc8 14.Kh1 Na6 15.f4 Nb4 
16.dxc6 bxc6 17.e5 Ng4 18.exd6 exd6 19.f5 Nxe3 20.Qxe3 d5 21.Qf2 Ra6 22.f6
Bh8 23.Qh4 c5 24.Nde2 Qc6 25.Qxh6 Bxf6 26.Nf4 Rd8 27.Nb5 d4 28.c3 Nd5 29.
cxd4 Nxf4 30.Qxf4 cxd4 31.Rac1 Qd7 1/2-1/2

[Event "zonal 1.7b"]
[Site "Mykolaiv UKR"]
[Date "1993.??.??"]
[Round "?"]
[White "Maximenko, Andryi"]
[Black "Moskalenko, Viktor"]
[Result "1-0"]
[WhiteElo "2435"]
[BlackElo "2555"]
[EventDate "1993.03.??"]
[PlyCount "81"]

1.d4 f5 2.c4 e6 3.Nc3 Bb4 4.Qb3 a5 5.e3 Nf6 6.Bd3 Nc6 7.Ne2 b6 8.O-O O-O 
9.a3 Bxc3 10.Nxc3 d6 11.Qc2 Qd7 12.Bd2 Bb7 13.Rad1 Ne7 14.b3 Rae8 15.Bc1 
Ng6 16.f3 Qf7 17.Rde1 Qd7 18.h3 Nh5 19.Rf2 Qf7 20.e4 Ngf4 21.exf5 exf5 22.
Rxe8 Qxe8 23.Bxf4 Nxf4 24.Bxf5 Qe3 25.d5 Qe1+ 26.Kh2 Qe5 27.Bxh7+ Kh8 28.
g3 g6 29.Ne2 Nxh3 30.Kxh3 Bc8+ 31.Kg2 Kxh7 32.Nf4 Bf5 33.Qd2 Qf6 34.g4 Bd7
35.Nh3 Kg7 36.Ng5 Re8 37.Ne4 Qa1 38.Rf1 Qe5 39.Rh1 g5 40.Rh5 Rh8 41.Rxg5+ 
1-0

[Event "zonal 1.7b"]
[Site "Mykolaiv UKR"]
[Date "1993.??.??"]
[Round "?"]
[White "Maximenko, Andryi"]
[Black "Nevednicii, Vladislav"]
[Result "1-0"]
[WhiteElo "2435"]
[BlackElo "2495"]
[EventDate "1993.03.??"]
[PlyCount "125"]

1.d4 d6 2.Nf3 g6 3.c4 Bg7 4.Nc3 e5 5.e4 Nc6 6.dxe5 dxe5 7.Qxd8+ Kxd8 8.
Bg5+ f6 9.O-O-O+ Bd7 10.Be3 Kc8 11.c5 Nh6 12.h3 f5 13.exf5 Nxf5 14.Bd2 
Ncd4 15.Ng5 Bc6 16.h4 h6 17.Nge4 b5 18.Re1 Kb7 19.Bd3 a5 20.Rh3 Rhd8 21.
Ne2 Ne6 22.Bb1 b4 23.a3 bxa3 24.Rxa3 a4 25.g3 Nfd4 26.Nxd4 Nxd4 27.Ba2 Bd5
28.Bxd5+ Rxd5 29.Be3 Kc6 30.Bxd4 Rxd4 31.Kc2 Rad8 32.f3 Rc4+ 33.Rc3 Rxc3+ 
34.Kxc3 Rb8 35.Ra1 Rb3+ 36.Kc4 Rxf3 37.Rxa4 Re3 38.Nc3 e4 39.Ra6+ Kb7 40.
Rxg6 Bxc3 41.bxc3 c6 42.Rg7+ Ka6 43.Rc7 Rxg3 44.Rxc6+ Kb7 45.Rxh6 Rh3 46.
Kb5 Rxc3 47.Rh7+ Kb8 48.Re7 e3 49.h5 Rb3+ 50.Kc4 Ra3 51.h6 e2 52.Rxe2 Rh3 
53.Re6 Kc7 54.Rf6 Kd7 55.Rd6+ Kc7 56.Rg6 Rh1 57.Rg7+ Kc6 58.Rg6+ Kc7 59.
Kd5 Rh5+ 60.Ke6 Rxc5 61.h7 Rh5 62.Rg7+ Kc6 63.Kf7 1-0

[Event "zonal 1.7b"]
[Site "Mykolaiv UKR"]
[Date "1993.??.??"]
[Round "?"]
[White "Maximenko, Andryi"]
[Black "Savon, Vladimir"]
[Result "0-1"]
[WhiteElo "2435"]
[BlackElo "2415"]
[EventDate "1993.03.??"]
[PlyCount "66"]

1.d4 Nf6 2.c4 e6 3.Nc3 Bb4 4.Qc2 O-O 5.a3 Bxc3+ 6.Qxc3 b6 7.Bg5 Bb7 8.f3 
d6 9.e3 Nbd7 10.Bd3 Rc8 11.Ne2 c5 12.Qd2 Ba6 13.Rc1 Re8 14.b4 h6 15.Bh4 
Ne4 16.Bxd8 Nxd2 17.Bh4 Nb3 18.Rc3 d5 19.cxd5 Bxd3 20.Rxd3 c4 21.dxe6 Ndc5
22.Rc3 Nd3+ 23.Kd1 a5 24.bxa5 b5 25.Kc2 Rxe6 26.Rxb3 Rxe3 27.Rxb5 Rxe2+ 
28.Kc3 Nf4 29.a6 Ra2 30.Ra5 Ne2+ 31.Kb4 Nxd4 32.Ka4 c3 33.a7 Rc4# 0-1

[Event "zonal 1.7b"]
[Site "Mykolaiv UKR"]
[Date "1993.??.??"]
[Round "?"]
[White "Moskalenko, Viktor"]
[Black "Gadjily, Raouf"]
[Result "1/2-1/2"]
[WhiteElo "2555"]
[BlackElo "2365"]
[EventDate "1993.03.??"]
[PlyCount "107"]

1.d4 Nf6 2.c4 g6 3.Nc3 Bg7 4.e4 d6 5.f4 O-O 6.Nf3 c5 7.d5 e6 8.dxe6 fxe6 
9.Bd3 Nc6 10.O-O b6 11.h3 Kh8 12.e5 dxe5 13.fxe5 Nxe5 14.Nxe5 Qd4+ 15.Kh1 
Qxe5 16.Bf4 Qd4 17.Nb5 Qd7 18.Bc2 a6 19.Nd6 Bb7 20.Nxb7 Qxb7 21.Qe2 Rae8 
22.Bd6 Nh5 23.Ba4 Rxf1+ 24.Rxf1 Rd8 25.Qxe6 b5 26.Bb3 Qc6 27.Re1 b4 28.Qd5
Rxd6 29.Qxc6 Rxc6 30.Re8+ Bf8 31.Rxf8+ Kg7 32.Ra8 Nf4 33.Bd1 Nd3 34.Bf3 
Rf6 35.Rc8 Rf5 36.Bd5 Nxb2 37.Rxc5 Na4 38.Rc7+ Kh6 39.Bg8 Rc5 40.Rxh7+ Kg5
41.Ra7 a5 42.g4 Nc3 43.Kg2 Kf4 44.Rf7+ Ke3 45.h4 Nxa2 46.h5 gxh5 47.Rf5 
Rc8 48.Be6 Re8 49.Bf7 Ra8 50.g5 Nc3 51.g6 b3 52.Rf3+ Kd4 53.g7 b2 54.Rf1 
1/2-1/2

[Event "zonal 1.7b"]
[Site "Mykolaiv UKR"]
[Date "1993.??.??"]
[Round "?"]
[White "Moskalenko, Viktor"]
[Black "Komliakov, Viktor"]
[Result "1-0"]
[WhiteElo "2555"]
[BlackElo "2435"]
[EventDate "1993.03.??"]
[PlyCount "62"]

1.c4 e5 2.Nc3 Bb4 3.e3 Bxc3 4.bxc3 d6 5.e4 Nf6 6.d3 O-O 7.Be2 c6 8.Nf3 Re8
9.O-O d5 10.exd5 cxd5 11.d4 exd4 12.Nxd4 Ne4 13.Bb2 Nc6 14.cxd5 Qxd5 15.c4
Qg5 16.Nxc6 Bh3 17.Bf3 bxc6 18.Bc1 Qg6 19.Be3 Rad8 20.Qa4 Rd6 21.Rfe1 Qf5 
22.Kh1 Rg6 23.Qd1 h5 24.Rb1 Bg4 25.Bxe4 Rxe4 26.f3 Bh3 27.gxh3 Qxh3 28.Rb2
Rxc4 29.Rf2 Kh7 30.Qd3 Rb4 31.Rg1 Rb5 1-0

[Event "zonal 1.7b"]
[Site "Mykolaiv UKR"]
[Date "1993.??.??"]
[Round "?"]
[White "Nevednicii, Vladislav"]
[Black "Alexandrov, Alexei"]
[Result "0-1"]
[WhiteElo "2495"]
[BlackElo "2530"]
[EventDate "1993.03.??"]
[PlyCount "110"]

1.e4 e5 2.Nf3 Nc6 3.Bc4 Bc5 4.c3 Nf6 5.d3 a6 6.Bb3 Ba7 7.Nbd2 d6 8.Nf1 Ng4
9.d4 exd4 10.cxd4 Nf6 11.Ng3 Bg4 12.Be3 d5 13.e5 Ne4 14.Ba4 O-O 15.Bc2 f5 
16.exf6 Nxf6 17.O-O Qd7 18.Qd2 Bxf3 19.gxf3 Qf7 20.f4 Rae8 21.Kh1 Ne7 22.
Rg1 Kh8 23.Qd3 Ng6 24.Ne2 Ne4 25.Rg3 Qe6 26.Rf1 Nh4 27.Ng1 Nxg3+ 28.hxg3 
Nf5 29.Nf3 Qe4 30.Qxe4 dxe4 31.Ne5 Rxe5 32.dxe5 Bxe3 33.Bxe4 Bd4 34.Rd1 c5
35.b4 b6 36.bxc5 bxc5 37.Rb1 g6 38.Kg2 Ng7 39.Rb7 g5 40.fxg5 Rxf2+ 41.Kh3 
Bxe5 42.Ra7 Ne6 43.Rxh7+ Kg8 44.Rh5 Kf8 45.Bd5 Nc7 46.Bb3 Rf3 47.Kg4 Rxg3+
48.Kf5 Re3 49.Kg6 Rd3 50.Rh1 Rd6+ 51.Kh7 Ne6 52.Rf1+ Ke7 53.Kg6 Nd4+ 54.
Kh7 Nxb3 55.axb3 Rd3 0-1

[Event "zonal 1.7b"]
[Site "Mykolaiv UKR"]
[Date "1993.??.??"]
[Round "?"]
[White "Nevednicii, Vladislav"]
[Black "Guliev, Sarhan"]
[Result "1/2-1/2"]
[WhiteElo "2495"]
[BlackElo "2485"]
[EventDate "1993.03.??"]
[PlyCount "96"]

1.e4 c6 2.d3 d5 3.Nd2 e5 4.Ngf3 Bd6 5.g3 Nf6 6.Bg2 O-O 7.O-O Re8 8.Re1 
Nbd7 9.a3 Nf8 10.b4 a5 11.Bb2 Ng6 12.c3 h5 13.Nb3 axb4 14.axb4 Rxa1 15.
Qxa1 h4 16.Bc1 hxg3 17.hxg3 Ng4 18.Nh2 Nxh2 19.Kxh2 d4 20.Bd2 dxc3 21.Qxc3
Qe7 22.Ra1 Nf8 23.Nc5 Ne6 24.Nxe6 Bxe6 25.d4 exd4 26.Qxd4 c5 27.bxc5 Bxc5 
28.Qb2 Bxf2 29.Bb4 Qf6 30.Qxf6 gxf6 31.e5 Bd4 32.Ra3 fxe5 33.Bxb7 Bg4 34.
Ra8 Rxa8 35.Bxa8 f5 36.Kg2 Kf7 37.Bf3 e4 38.Bxg4 fxg4 39.Kf1 Ke6 40.Ke2 
Kd5 41.Be1 Kc4 42.Ba5 Ba7 43.Bc7 Bc5 44.Ba5 Kd4 45.Bd2 Bd6 46.Be3+ Kc4 47.
Bf2 Bb4 48.Ke3 Bc5+ 1/2-1/2

[Event "zonal 1.7b"]
[Site "Mykolaiv UKR"]
[Date "1993.??.??"]
[Round "?"]
[White "Neverov, Valeriy"]
[Black "Guliev, Sarhan"]
[Result "1/2-1/2"]
[WhiteElo "2550"]
[BlackElo "2485"]
[EventDate "1993.03.??"]
[PlyCount "169"]

1.d4 d5 2.c4 c6 3.Nf3 e6 4.Nc3 Nf6 5.Bg5 h6 6.Bxf6 Qxf6 7.e3 Nd7 8.a3 g6 
9.e4 dxe4 10.Nxe4 Qf4 11.Bd3 Bg7 12.c5 O-O 13.O-O e5 14.g3 Qg4 15.Re1 exd4
16.Bc4 b6 17.b4 bxc5 18.bxc5 Qh5 19.Rc1 Ne5 20.Nf6+ Bxf6 21.Nxe5 Kg7 22.
Qxh5 gxh5 23.Nxc6 Bg4 24.Bd3 h4 25.Ne5 Be6 26.c6 hxg3 27.hxg3 Rfc8 28.Ba6 
Rc7 29.Nd3 Bg5 30.f4 Be7 31.Nb4 Rb8 32.Bb7 Rbxb7 33.cxb7 Rxb7 34.Rcd1 Rc7 
35.Rc1 Rd7 36.Red1 a5 37.Nc6 Bxa3 38.Ra1 Bb4 39.Nxa5 Bg4 40.Nc6 Bxd1 41.
Rxd1 Bc3 42.Ne5 Rd8 43.Kf2 f6 44.Nd3 Kg6 45.Nc1 h5 46.Kf3 Bb4 47.g4 h4 48.
Nd3 Bd6 49.Nf2 Bb8 50.Rh1 Rh8 51.Rd1 Rd8 52.Rh1 Re8 53.Ne4 Rh8 54.Rb1 h3 
55.f5+ Kg7 56.Rb7+ Kh6 57.Nxf6 h2 58.Rb1 Be5 59.Ne4 Rb8 60.g5+ Kh5 61.Rf1 
Rb3+ 62.Kg2 Re3 63.Nf2 Kxg5 64.f6 Re2 65.f7 Bd6 66.Rh1 Kg6 67.Rxh2 Kxf7 
68.Rh3 Ke6 69.Kf3 Re1 70.Kg2 Kd5 71.Nd3 Re2+ 72.Kf1 Ra2 73.Ke1 Kc4 74.Kd1 
Rg2 75.Rf3 Bg3 76.Kc1 Bh4 77.Nb2+ Kd5 78.Rb3 Ke4 79.Kb1 Be1 80.Rb8 Bc3 81.
Re8+ Kf5 82.Nd3 Rd2 83.Nc5 Rh2 84.Nd3 Bd2 85.Nc5 1/2-1/2

[Event "zonal 1.7b"]
[Site "Mykolaiv UKR"]
[Date "1993.??.??"]
[Round "?"]
[White "Neverov, Valeriy"]
[Black "Shmuter, Leonid"]
[Result "1-0"]
[WhiteElo "2550"]
[BlackElo "2440"]
[EventDate "1993.03.??"]
[PlyCount "83"]

1.d4 Nf6 2.c4 g6 3.Nf3 Bg7 4.g3 d5 5.cxd5 Nxd5 6.Bg2 O-O 7.O-O Nb6 8.Nc3 
Nc6 9.d5 Na5 10.e4 c6 11.Bg5 h6 12.Bf4 cxd5 13.exd5 Nac4 14.Qe2 g5 15.Bc1 
e5 16.b3 Nd6 17.Ba3 e4 18.Nxe4 Nxe4 19.Qxe4 Re8 20.Qc2 Bxa1 21.Rxa1 Nxd5 
22.Bb2 Be6 23.h4 Rc8 24.Qd2 Ne7 25.Qxd8 Rexd8 26.hxg5 hxg5 27.Nxg5 Bd5 28.
Bf6 Re8 29.Bh3 Rc6 30.Bd4 Rh6 31.Re1 f6 32.Be6+ Bxe6 33.Rxe6 Kg7 34.f4 Rg6
35.Kf2 Kh6 36.Bxf6 Rf8 37.Bxe7 Rc8 38.Rxg6+ Kxg6 39.Kf3 Rc2 40.Kg4 Rxa2 
41.f5+ Kh6 42.Bf8# 1-0

[Event "zonal 1.7b"]
[Site "Mykolaiv UKR"]
[Date "1993.??.??"]
[Round "?"]
[White "Rakhmangulov, Andrei"]
[Black "Fedorov, Alexei"]
[Result "1/2-1/2"]
[WhiteElo "2325"]
[BlackElo "2490"]
[EventDate "1993.03.??"]
[PlyCount "68"]

1.d4 Nf6 2.Nf3 g6 3.Bg5 Ne4 4.Bf4 c5 5.e3 Bg7 6.Nbd2 d5 7.c3 Nc6 8.Nxe4 
dxe4 9.Nd2 cxd4 10.cxd4 Qa5 11.a3 O-O 12.b4 Qf5 13.Bg3 Rd8 14.Rc1 e5 15.d5
Ne7 16.f3 exf3 17.e4 fxg2 18.Bxg2 Qg5 19.O-O Bg4 20.Qe1 Rd7 21.h3 Bh5 22.
h4 Qh6 23.Nc4 f6 24.Bh3 Rdd8 25.Be6+ Kh8 26.Na5 g5 27.Nxb7 gxh4 28.Bxh4 
Rg8 29.Nd6 f5 30.Nxf5 Nxf5 31.Rxf5 Bf6+ 32.Bxg8 Rxg8+ 33.Kh2 Bxh4 34.Qxh4 
Qxc1 1/2-1/2

[Event "zonal 1.7b"]
[Site "Mykolaiv UKR"]
[Date "1993.??.??"]
[Round "?"]
[White "Rakhmangulov, Andrei"]
[Black "Ginsburg, Gennadi"]
[Result "1-0"]
[WhiteElo "2325"]
[BlackElo "2395"]
[EventDate "1993.03.??"]
[PlyCount "81"]

1.d4 Nf6 2.Nf3 d5 3.c4 e6 4.Nc3 Be7 5.cxd5 exd5 6.Bf4 O-O 7.e3 c5 8.dxc5 
Bxc5 9.Be2 Nc6 10.O-O Be7 11.Rc1 Bg4 12.h3 Bh5 13.Ne5 Bxe2 14.Qxe2 Bd6 15.
Nxc6 bxc6 16.Bxd6 Qxd6 17.Na4 Rfc8 18.Qa6 Rc7 19.Rc2 Nd7 20.Rfc1 Ne5 21.b3
Qg6 22.Qe2 Re8 23.Nc5 Qf5 24.e4 dxe4 25.Qxe4 Qxe4 26.Nxe4 Rd7 27.Nc5 Rd4 
28.Re2 f6 29.Rcc2 Red8 30.Kh2 Kf7 31.Ne4 R8d5 32.g3 g5 33.f4 gxf4 34.gxf4 
Nf3+ 35.Kg2 Nh4+ 36.Kf2 Ng6 37.Rxc6 Kg7 38.Rxf6 Rh5 39.Re3 Kh8 40.Rf7 Ra5 
41.Kg3 1-0

[Event "zonal 1.7b"]
[Site "Mykolaiv UKR"]
[Date "1993.??.??"]
[Round "?"]
[White "Rakhmangulov, Andrei"]
[Black "Kruppa, Yury"]
[Result "0-1"]
[WhiteElo "2325"]
[BlackElo "2475"]
[EventDate "1993.03.??"]
[PlyCount "70"]

1.d4 Nf6 2.Nf3 g6 3.c3 Bg7 4.h3 b6 5.Bf4 Ba6 6.Nbd2 O-O 7.e3 Bxf1 8.Nxf1 
Qc8 9.N1d2 Qb7 10.O-O c5 11.Qb3 Na6 12.a4 d6 13.Rfe1 Rac8 14.e4 cxd4 15.
cxd4 Nc7 16.Qe3 Ne6 17.Bh6 d5 18.Bxg7 Kxg7 19.e5 Nh5 20.Ng5 Nhf4 21.h4 Qa6
22.Ra3 Qa5 23.g3 Nxg5 24.hxg5 Ne6 25.Nf3 Rc2 26.Rb1 Qb4 27.Rb3 Qxa4 28.Ra3
Qd7 29.Ra6 Rfc8 30.Rba1 R8c7 31.R1a2 Qb5 32.Rxa7 Re2 33.Qa3 Rc1+ 34.Kg2 
Rxf2+ 35.Kxf2 Rc2+ 0-1

[Event "zonal 1.7b"]
[Site "Mykolaiv UKR"]
[Date "1993.??.??"]
[Round "?"]
[White "Rakhmangulov, Andrei"]
[Black "Nevednicii, Vladislav"]
[Result "0-1"]
[WhiteElo "2325"]
[BlackElo "2495"]
[EventDate "1993.03.??"]
[PlyCount "88"]

1.d4 d6 2.Nf3 g6 3.c3 Bg7 4.Bf4 Nd7 5.e3 e5 6.Bg3 Ne7 7.Bc4 Nf5 8.dxe5 
dxe5 9.e4 Nd6 10.Bb3 f6 11.Nbd2 a5 12.Bc2 b6 13.O-O Ba6 14.Re1 Nc5 15.Qb1 
O-O 16.b4 axb4 17.cxb4 Ne6 18.Bb3 Qe7 19.a4 Kh8 20.Bd5 Rab8 21.Qa2 Nd8 22.
Rac1 Rc8 23.Rc2 c6 24.Bb3 Ra8 25.Rec1 Bb5 26.Qa1 Bd3 27.Rc3 Bxe4 28.Nxe4 
Nxe4 29.Rc4 Nxg3 30.hxg3 b5 31.Rh4 bxa4 32.Bc4 f5 33.Re1 e4 34.Qc1 Bf6 35.
Rh3 a3 36.Ba2 Ra7 37.Nh4 Bxh4 38.Rxh4 Qxb4 39.Rd1 Nf7 40.Qxc6 Ne5 41.Qd5 
Qe7 42.Qd4 Rd7 43.Qxe5+ Qxe5 44.Rxd7 h5 0-1